Auditoría

Saved in:
Bibliografiske detaljer
Hovedforfatter: Holmes, Arthur W (Author)
Format: Bog
Sprog:spansk
Udgivet: Ciudad de México UTEHA 1965
Udgivelse:2a. ed
Serier:Biblioteca de Contabilidad Superior, 10
Fag:
Tags: Tilføj Tag
Ingen Tags, Vær først til at tagge denne postø!

MARC

LEADER 00000nam a2200000 a 4500
001 UCR9809
003 CL-VaPUC
008 980619e19650000MX |||||||||||||||||spa|d
082 0 4 |a 657.45  |b HOL  |2 21 
100 |a Holmes, Arthur W  |e author  |9 413242 
245 1 0 |a Auditoría 
246 1 0 |a Auditoría: principios y procedimiento 
250 |a 2a. ed 
300 |a 2 v 
942 |c BK 
945 |d 19980619 00:00:00  |a cmena 
260 |a Ciudad de México  |b UTEHA  |c 1965 
500 |a Cambia el título en reimpresión 
500 |a v.1: Principios y procedimiento 
500 |a v.2: Soluciones de los problemas. Auditoría práctica 
650 0 |a Contabilidad   |9 261430 
650 0 |a Auditoría  |9 307008 
650 0 |a Contabilidad de costos   |9 260564 
650 0 |a Administración financiera  |9 261146 
650 0 |a Operaciones administrativas  |9 335045 
650 0 |a Estados de cuentas  |9 352305 
583 |a last modification  |c 20180928 01:36:13  |k Rodrigo Vera 
490 0 |a Biblioteca de Contabilidad Superior, 10 
999 |c 270985  |d 270983 
952 |0 0  |1 0  |4 0  |6 657_450000000000000_HOL_1965  |7 0  |8 A  |9 305452  |a BIBGIM  |b BIBGIM  |d 2019-11-20  |h v.1  |i 1420712  |o 657.45 HOL 1965  |p 1420712  |r 2025-01-15  |w 2019-11-20  |y BK  |k COM 
952 |0 0  |1 0  |4 0  |6 657_450000000000000_HOL_1965  |7 0  |8 A  |9 305453  |a BIBGIM  |b BIBGIM  |d 2019-11-20  |h v.1  |i 1420720  |o 657.45 HOL 1965  |p 1420720  |r 2025-01-15  |w 2019-11-20  |y BK  |k COM 
952 |0 0  |1 0  |4 0  |6 657_450000000000000_HOL_1965  |7 0  |8 A  |9 305454  |a BIBGIM  |b BIBGIM  |d 2019-11-20  |h v.2  |i 1420747  |o 657.45 HOL 1965  |p 1420747  |r 2025-01-15  |w 2019-11-20  |y BK  |k COM 
952 |0 0  |1 0  |4 0  |6 657_450000000000000_HOL_1965  |7 0  |8 A  |9 305455  |a BIBGIM  |b BIBGIM  |d 2019-11-20  |h v.2  |i 1420755  |o 657.45 HOL 1965  |p 1420755  |r 2025-01-15  |w 2019-11-20  |y BK  |k COM 
952 |0 0  |1 0  |4 0  |6 657_450000000000000_HOL_1965  |7 0  |8 A  |9 305456  |a BIBGIM  |b BIBGIM  |d 2019-11-20  |h v.2  |i 1420763  |o 657.45 HOL 1965  |p 1420763  |r 2025-01-15  |w 2019-11-20  |y BK  |k COM 
952 |0 0  |1 0  |4 0  |6 657_450000000000000_HOL_1965  |7 0  |8 A  |9 305457  |a BIBGIM  |b BIBGIM  |d 2019-11-20  |h v.2  |i 1420771  |o 657.45 HOL 1965  |p 1420771  |r 2025-01-15  |w 2019-11-20  |y BK  |k COM 
952 |0 0  |1 0  |4 0  |6 657_450000000000000_HOL_1965  |7 0  |8 A  |9 305458  |a BIBGIM  |b BIBGIM  |d 2019-11-20  |h v.2  |i 142078K  |o 657.45 HOL 1965  |p 142078K  |r 2025-01-15  |w 2019-11-20  |y BK  |k COM 
952 |0 0  |1 0  |4 0  |6 657_450000000000000_HOL_1965  |7 0  |8 A  |9 305459  |a BIBGIM  |b BIBGIM  |d 2019-11-20  |h v.2  |i 1420798  |o 657.45 HOL 1965  |p 1420798  |r 2025-01-15  |w 2019-11-20  |y BK  |k COM